<The> quality director of the '90s. Part 2. Assisting upper management with strategic quality management.

Zmena úlohy riaditeľa odboru akosti v podniku predpokladajúca pomoc vedeniu podniku pri strategickom plánovaní a riadení akosti. Desať požiadaviek strategického plánovania výrobku, príklad z priemyslu.

Salvato in:
Dettagli Bibliografici
Autore principale: Gryna, F.M
Natura: Capitolo di libro
Lingua:inglese
Soggetti:
Tags: Aggiungi Tag
Nessun Tag, puoi essere il primo ad aggiungerne!!

MARC

LEADER 00000naa a2200000 4500
001 r006285
005 20221213084443.9
041 0 |a eng 
044 |a US 
245 1 0 |a <The> quality director of the '90s. Part 2.  |b Assisting upper management with strategic quality management.  |c F.M. Gryna 
520 |a Zmena úlohy riaditeľa odboru akosti v podniku predpokladajúca pomoc vedeniu podniku pri strategickom plánovaní a riadení akosti. Desať požiadaviek strategického plánovania výrobku, príklad z priemyslu. 
610 2 0 |a riadenie kvality 
610 2 0 |a kvalita výrobkov 
610 2 0 |a riaditelia 
610 2 0 |a plánovanie podnikové 
610 2 0 |a priemysel 
610 2 0 |a riadenie strategické 
100 1 |a Gryna, F.M.